00506nam a22001577a 450000500170000001000150001702000260003203500140005803700130007208200100008510000260009524500880012126000460020927000690025530000240032420180831103530.0 aENG-123941 a9780199480159c695.00 aEN-107473 bDBAD/PUB a610.9 aUdwadia, Farokh Erach aTabiyat:cby Farokh Erach UdwadiabMedicine and healing in india and other essays / c2018aNew Delhi bOxford University Press a2/11, Ground Floor, Ansari Road, Daryaganj, bNew Delhi e110002 c22cm(Hb)axi,210p.